Devine le rappeur 10 - Statistiques

Statistiques générales
  • Ce quiz a été pris 40 fois
  • Le résultat moyen est 4 sur 15
Statistiques - réponses
Hint Réponse % Correct
Bénéfice Sch
65%
Capuche PNL
62%
Life life Damso
54%
Jour meilleur Orelsan
49%
Chop Fresh
46%
Pourtant PLK
43%
Fallen angels Laylow
32%
Chaque jour de la semaine Green Montana
16%
Whine up Aya nakamura
11%
Juste une autre Mz
11%
La plus belle méthode J9ueve
5%
Chica Némir
5%
La belle et la bête S pri noir
5%
Indélébile Yseult
5%
Elle, me parle Krisy
3%
Aucun quiz correspondant
Distribution des résultats
% des personnes avec chaque résultat
Percentile par nombre de réponses
Votre historique - résultats
Vous n’avez pas pris ce quiz